00650nam a22002057a 4500003000500000005001700005008004100022010000700063011000900070035000800079040000900087100003600096245010400132260008500236300001000321490003900331650001400370650002100384830003900405CHAP20220329132908.0971010s1975 mx r 00010 spa d a39 a1011 a152 cCHAP00aCarmona Balandrano, Fernando F.10aActividades del centro de cría de becerras Ignacio Zaragozac/ por Fernando F. Carmona Balandrano a[México, D.F.] :bFomento para la Agricultura, Ganadería y Avicultura,c1975 a27 p. 0aFIRA. Serie sobre ganaderíav; 414aBecerros.14aGanado Holstein.0 aFIRA. Serie sobre ganaderíav; 4